<?xml version="1.0" encoding="UTF-8"?><?xml-stylesheet type="text/xsl" href="static/style.xsl"?><OAI-PMH xmlns="http://www.openarchives.org/OAI/2.0/" xmlns:xsi="http://www.w3.org/2001/XMLSchema-instance" xsi:schemaLocation="http://www.openarchives.org/OAI/2.0/ http://www.openarchives.org/OAI/2.0/OAI-PMH.xsd"><responseDate>2026-04-14T02:12:49Z</responseDate><request verb="GetRecord" identifier="oai:www.recercat.cat:20.500.12327/2101" metadataPrefix="marc">https://recercat.cat/oai/request</request><GetRecord><record><header><identifier>oai:recercat.cat:20.500.12327/2101</identifier><datestamp>2025-10-22T11:05:36Z</datestamp><setSpec>com_2072_4428</setSpec><setSpec>com_2072_4427</setSpec><setSpec>col_2072_487898</setSpec></header><metadata><record xmlns="http://www.loc.gov/MARC21/slim" xmlns:dcterms="http://purl.org/dc/terms/" xmlns:xsi="http://www.w3.org/2001/XMLSchema-instance" xmlns:doc="http://www.lyncode.com/xoai" xsi:schemaLocation="http://www.loc.gov/MARC21/slim http://www.loc.gov/standards/marcxml/schema/MARC21slim.xsd">
   <leader>00925njm 22002777a 4500</leader>
   <datafield ind2=" " ind1=" " tag="042">
      <subfield code="a">dc</subfield>
   </datafield>
   <datafield ind2=" " ind1=" " tag="720">
      <subfield code="a">Panea, Begoña</subfield>
      <subfield code="e">author</subfield>
   </datafield>
   <datafield ind2=" " ind1=" " tag="720">
      <subfield code="a">Mesías, Francisco Javier</subfield>
      <subfield code="e">author</subfield>
   </datafield>
   <datafield ind2=" " ind1=" " tag="720">
      <subfield code="a">Guerrero, Luis</subfield>
      <subfield code="e">author</subfield>
   </datafield>
   <datafield ind2=" " ind1=" " tag="260">
      <subfield code="c">2022-12-21</subfield>
   </datafield>
   <datafield ind2=" " ind1=" " tag="520">
      <subfield code="a">Sensory analysis is a multidisciplinary field that includes the measurement, interpretation,&#xd;
and understanding of human responses to the sensory properties of products and&#xd;
it is essential to explore consumer behavior. Understanding consumer preferences is key&#xd;
to the development of the food industry, but consumer behavior is complex because of&#xd;
the diversity of factors influencing food choice. The attitude of the consumer results from&#xd;
the multiple attributes perceived of a product and depends on the importance assigned to&#xd;
each of them. This perception has the following three dimensions: a cognitive (knowledge),&#xd;
an affective (attitude, feelings) and a conative (behavior, purchase intention, and actual&#xd;
purchase) dimension. As a consequence, external cues such as the availability of resources,&#xd;
nutritional value, sensory quality or socio-environmental impact of the production, as well&#xd;
as internal cues, such as age, gender, educational level, incomes or cultural background,&#xd;
will affect both consumers’ behavior.</subfield>
   </datafield>
   <datafield ind1="8" ind2=" " tag="024">
      <subfield code="a">Panea, Begoña, Francisco Javier Mesías, and Luis Guerrero. 2022. "Sensory Complexity: From Sensory Measurement To Consumption Behavior". Foods 12 (1): 29. doi:10.3390/foods12010029.</subfield>
   </datafield>
   <datafield ind1="8" ind2=" " tag="024">
      <subfield code="a">2304-8158</subfield>
   </datafield>
   <datafield ind1="8" ind2=" " tag="024">
      <subfield code="a">http://hdl.handle.net/20.500.12327/2101</subfield>
   </datafield>
   <datafield ind1="8" ind2=" " tag="024">
      <subfield code="a">https://doi.org/10.3390/foods12010029</subfield>
   </datafield>
   <datafield ind2="0" ind1="0" tag="245">
      <subfield code="a">Sensory Complexity: From Sensory Measurement to Consumption Behavior</subfield>
   </datafield>
</record></metadata></record></GetRecord></OAI-PMH>